000 00668nam a2200193 a 4500
005 20231013063551.0
008 991125s1946 mx 000 0 spa u
035 _aUPN01000004488
049 _aLT
050 4 _aLB1583 M6.4
_bM6.2 1946
100 1 _aMonroy Padilla, Salvador
_929364
245 1 0 _aArreglo geográfico de la República Mexicana /
_cSalvador Monroy Padilla.
250 _a12a ed.
260 _aMéxico :
_bMonroy Padilla,
_c1946.
300 _a110 p. :
_bil., mapas
500 _a"Desarrolla el programa de la materia correspondiente al 4o. año de educación primaria"
650 4 _aGeografía
_xEstudio y enseñanza (Elemental)
_92801
905 _aLibro
999 _c4488
_d4488